Geografía por letra - P - Estadísticas

Estadísticas generales
  • Esta prueba ha sido intentada 6.721 veces
  • La puntuación promedio es 16 de 24
Estadísticas de respuestas
Pista Respuesta % Correcto
Capital de Francia París
100%
Capital de China Pekín
98%
Idioma principal del Brasil Portugués
98%
Moneda de varios países latinos Peso
97%
Varsovia es su capital Polonia
96%
País que habla neerlandés Países Bajos
87%
La cadena montañosa que divide Francia y España Pirineos
87%
El canal que conecta el Atlántico con el Pacífico Panamá
82%
Territorio estadounidense en el Caribe Puerto Rico
82%
Ciudad española más poblada que se ubica en una isla Palma
81%
Extensión de tierra rodeada de agua por tres lados Península
79%
Ciudad romana destruida por el Monte Vesubio Pompeya
73%
Región del sur de Argentina y Chile Patagonia
72%
El famoso templo de la Acrópolis de Atenas Partenón
69%
Capital de Montenegro Podgorica
65%
Ciudad con el Encierro Pamplona
62%
Otro nombre para Irán Persia
57%
Ngerulmud es su capital Palaos
51%
Capital de Australia Occidental Perth
45%
La ciudad más grande de Bohemia Praga
40%
Título que tiene la C. A. de Asturias Principado
30%
Río que pasa por Washington D.C. Potomac
21%
Este río desemboca en el Río de la Plata Paraná
15%
Región del Pakistán oriental y la India septentrional Punyab
15%
No se encontraron pruebas coincidentes
Distribución de puntuación
Porcentaje de gente con cada puntuación
Porcentaje por número respondido
Historial de tus puntuaciones
No has intentado esta prueba.